000 00310nam a22001337a 4500
008 171108b xxu||||| |||| 00| 0 eng d
020 _a9780030268878
041 _aeng
080 _a330.322
100 _a64
101 _aINV
245 _aINVESTMENTS: THEORY AND APPLICATIONS
_cHIRSCHEY,M
942 _2udc
_cBK
999 _c38201
_d38201